Normale Ansicht MARC-Ansicht ISBD

Civitatum communitatis : (Titelsatznr. 371167)

[ MARC ]
MARC-Details
000 -Satzkennung
Kontrollfeld mit fester Länge 01229cam a2200373 4500
001 - Kontrollnummer
Kontrollfeld 273163477
003 - Kontrollnummer Identifier
Kontrollfeld DE-627
005 - Datum und Zeit der letzten Transaktion
Kontrollfeld 20211213143028.0
007 - Feld mit fester Länge zur physischen Beschreibung - Allgemeine Information
Kontrollfeld mit fester Länge tu
008 - Feld mit fester Länge zur physischen Beschreibung - Allgemeine Angaben
Kontrollfeld mit fester Länge 990101s1994 gw ||||| b 00| ||ger c
020 ## - Internationale Standardbuchnummer
Internationale Standardbuchnummer 3-412-05884-X
035 ## - Systemkontrollnummer
System-Kontrollnummer (DE-627)273163477
035 ## - Systemkontrollnummer
System-Kontrollnummer (DE-576)040597342
035 ## - Systemkontrollnummer
System-Kontrollnummer (DE-599)GBV273163477
035 ## - Systemkontrollnummer
System-Kontrollnummer (OCoLC)231631076
035 ## - Systemkontrollnummer
System-Kontrollnummer (OCoLC)31970932
035 ## - Systemkontrollnummer
System-Kontrollnummer (DE-604)809900982x
040 ## - Katalogisierungsquelle
Katalogisierungssprache ger
Übertragungsstelle DE-2950
Beschreibungsfestlegungen rakwb
Bearbeitungsstelle DE-2950
041 ## - Sprachcode
Sprachcode des Textes/der Tonspur oder des separaten Titels ger
245 10 - Titel
Titel Civitatum communitatis :
Zusatz zum Titel Studien zum europäischen Städtewesen /
Verfasserangabe etc. hrsg. von Helmut Jäger
246 30 - Titelvarianten
Hauptsachtitel/Kurztitel Festschrift für Heinz Stoob zum 65. Geburtstag.
264 #1 - Produktion, Veröffentlichung, Distribution, Herstellung und Urheberrechtsvermerk
Herstellungs-, Veröffentlichungs- Vertriebs-, Erzeugungsort Köln [u.a.]:
Produzent, Herausgeber, Distributor, Hersteller Böhlau,
Datum der Herstellung, der Veröffentlichung, des Vertriebs oder des Urheberschutzvermerks 1984.
300 ## - Physische Beschreibung
Umfang XL, 904 Seiten [Teil I und II]
Andere physische Details graph. Darst., Kt.
336 ## - Inhaltstyp
Inhaltstypterm Text
Inhaltstypcode txt
Quelle rdacontent
337 ## - Medientyp
Bezeichnung des Medientyps ohne Hilfsmittel zu benutzen
Medientypcode n
Quelle rdamedia
338 ## - Datenträgertyp
Datenträgertypbezeichnung Band
Datenträgertypcode nc
Quelle rdacarrier
490 1# - Gesamttitelangabe
Gesamttitelangabe Städteforschung
-- Reihe A, Darstellungen
Bandnummer/Folgebezeichnung 21, I+II
500 ## - Allgemeine Fußnote
Allgemeine Fußnote Festschrift Heinz Stoob.
655 #7 - Indexierungsterm - Genre/Form
Genre/Form oder fokussierter Term Festschrift
Quelle der Ansetzung oder des Terms gnd-content
655 #7 - Indexierungsterm - Genre/Form
Genre/Form oder fokussierter Term Aufsatzsammlung
Quelle der Ansetzung oder des Terms gnd-content
655 #7 - Indexierungsterm - Genre/Form
Genre/Form oder fokussierter Term Bibliografie
Quelle der Ansetzung oder des Terms gnd-content
856 42 - Elektronische Adresse und Zugriff
Kontaktstelle für Hilfe beim Zugriff V:DE-576
Elektronisches Format text/html
Spezifische Materialangaben Inhaltsverzeichnis
942 ## - Zusätzliche Felder (Koha)
Klassifikation oder Aufstellungssystematik Andere/Generische Klassifikation
Koha-Medientyp Bücher
Exemplare
Ausgeschieden Verloren Klassifikation oder Aufstellungssystematik Beschädigt Nicht entleihbar Heimatbibliothek Aufenthaltsbibliothek Aufstellungsort Erwerbungsdatum Lieferant Kodierter Standort-Qualifier Anzahl Ausleihen Signatur Letzte Aktivität Preis gültig von Koha-Medientyp
    Andere/Generische Klassifikation     Stadtarchiv Frankfurt (Oder) | Archivbibliothek Stadtarchiv Frankfurt (Oder) | Archivbibliothek Lesesaal 13/12/2021 Hutten L   III: 1918; O21.21 13/12/2021 13/12/2021 Bücher